Κατάλογος Βιβλιοθηκών Mediterranean College

Γενικη Λογιστικη / Προσαρμοσμένη στο Ελληνικό Γενικό Λογιστικό Σχέδιο ως Προς τις Έννοιες, τους Χειρισμους και το Σχέδιο των Λογαριασμών (Record no. 4298)

MARC details
000 -LEADER
fixed length control field 01629cam a22001814a 4500
005 - ΗΜΕΡΟΜΗΝΙΑ ΚΑΙ ΩΡΑ ΤΕΛΕΥΤΑΙΑΣ ΕΝΗΜΕΡΩΣΗΣ
Πεδίο ελέγχου 20250605164142.0
008 - FIXED-LENGTH DATA ELEMENTS--GENERAL INFORMATION
Πεδίο ελέγχου σταθερού μήκους 250528s ||||||||||||||||||||||||d
035 ## - SYSTEM CONTROL NUMBER
System control number 19007
040 ## - ΠΗΓΗ ΚΑΤΑΛΟΓΟΓΡΑΦΗΣΗΣ
Φορέας πρωτότυπης καταλογογράφησης MC Athens Campus Library
Γλώσσα καταλογογράφησης Ελληνικά, Μοντέρνα (1453-)
Modifying agency MC Athens Campus Library
Κανόνες περιγραφικής καταλογογράφησης AACR2
245 1# - ΤΙΤΛΟΣ ΚΑΙ ΔΗΛΩΣΗ ΥΠΕΥΘΥΝΟΤΗΤΑΣ
Τίτλος Γενικη Λογιστικη / Προσαρμοσμένη στο Ελληνικό Γενικό Λογιστικό Σχέδιο ως Προς τις Έννοιες, τους Χειρισμους και το Σχέδιο των Λογαριασμών
260 ## - PUBLICATION, DISTRIBUTION, ETC.
Name of publisher, distributor, etc. Αθήνα,
Date of publication, distribution, etc. 1989
300 ## - PHYSICAL DESCRIPTION
Extent 336
520 ## - SUMMARY, ETC.
Summary, etc. Πρόλογος, Εισαγωγή στη Λογιστική, Περιουσία - Απογραφή - Ισολογισμός, Οι Μεταβολές των Περ. Στοιχείων και η Παρακολούθηση τους με τους Διαδοχικούς Ισολογισμούς, Οι Λογαριασμοί, Τα Λογιστικά Στοιχεία και Βιβλία της Επιχειρήσεως, Τα Λογιστικά Σφάλματα και η Διόρθωση τους, Διάκριση των Λογαριασμών Ανάλογα με τη Φύση ή το Περιεχόμενο τους, Λογιστική των Αποθεμάτων, Οι Λογιστικές Εργασίας Τέλους Χρήσεως, Λογιστικές Μεθόδοι και Συστήματα, Στοιχεία Διοικητικής Λογιστικής και Ελεγκτικής, Γενικές Ασκήσεις, Παράρτημα.
700 1# - ΠΡΟΣΘΕΤΗ ΑΝΑΓΡΑΦΗ--ΦΥΣΙΚΟ ΠΡΟΣΩΠΟ
Personal name Κοντακος Γεωργιος Αριστοτελης
9 (RLIN) 5287
942 ## - ADDED ENTRY ELEMENTS (KOHA)
Koha item type Books
Holdings
Τύπος τεκμηρίου Βιβλιοθήκη Τρέχουσα τοποθεσία Barcode Αριθμός εισαγωγής Ημερομηνία απόκτησης Ταξιθετικό σύμβολο Αριθμός αντιτύπου Κατάσταση απόσυρσης Κατάσταση χαμένου Κατάσταση κατεστραμμένου Μη δανεισμός Σύνολο δανεισμών Ημερομηνία τελευταίας εμφάνισης Η τιμή ισχύει από
Books MC Athens Campus Library MC Athens Campus Library 9780000042972 3940 05/06/2025 657 ΚΟΝ 1           05/06/2025 05/06/2025

MC Athens Campus Library
Πατησίων 94 & Κοδριγκτώνος 13, 104 34
Πελλήνης 8 & Πατησίων 107, 112 51
Τ: +30 210 8899600

MC Thessaloniki Campus Library
Ίωνος Δραγούμη 21, 54625 | Ίωνος Δραγούμη 15, 54625
Τ: +30 2310 287779 – Τ: +30 2314 440300